[Event "BCF-chT4S 1617 (4NCL)"]
[Site "England"]
[Date "2016.11.27"]
[Round "2.23"]
[White "Ireland, David J"]
[Black "Hung, Dylan"]
[Result "0-1"]
[WhiteElo "2027"]
[BlackElo "1600"]
[PlyCount "72"]
[EventDate "2016.11.26"]
[EventType "team-swiss"]
[EventRounds "11"]
[EventCountry "ENG"]
[SourceTitle "EXT 2019"]
[Source "ChessBase"]
[SourceDate "2018.10.10"]
[SourceVersion "1"]
[SourceVersionDate "2018.10.10"]
[SourceQuality "1"]
[WhiteTeam "Throw in the Tal"]
[BlackTeam "Barnet Knights III"]
[WhiteTeamCountry "ENG"]
[BlackTeamCountry "ENG"]

1. e4 c6 2. d4 d5 3. e5 Bf5 4. c4 e6 5. a3 Ne7 6. Nc3 dxc4 7. Bxc4 Nd5 8. Nf3 Be7 9. 0-0 0-0 10. Be3 Nd7 11. Bd3 Bxd3 12. Qxd3 N7b6 13. Ne4 Nxe3 14. fxe3 c5 15. Rad1 c4 16. Qd2 Nd7 17. Nc3 Qc7 18. e4 Rfd8 19. Qf4 f6 20. Ng5 Qb6 21. Kh1 Rf8 22. exf6 Bxf6 23. Nf3 Qxb2 24. Qd6 Rfe8 25. e5 Qxc3 26. Qxd7 Rad8 27. Qxb7 Be7 28. a4 Qa5 29. Qc6 Qb6 30. Qxc4 Rc8 31. Qa2 Rc3 32. d5 exd5 33. Qxd5+ Kh8 34. Qf7 Rcc8 35. h3 Qb4 36. Rd7 a5 0-1

[Event "BCF-chT3 1415 (4NCL)"]
[Site "England"]
[Date "2015.05.04"]
[Round "11.50"]
[White "Hung, Dylan"]
[Black "Buttell, David"]
[Result "0-1"]
[WhiteElo "1450"]
[BlackElo "1797"]
[PlyCount "102"]
[EventDate "2015.03.21"]
[EventType "team-swiss"]
[EventRounds "11"]
[EventCountry "ENG"]
[SourceTitle "EXT 2016"]
[Source "ChessBase"]
[SourceDate "2015.10.08"]
[SourceVersion "1"]
[SourceVersionDate "2015.10.08"]
[SourceQuality "1"]
[WhiteTeam "Barnet Knights III"]
[BlackTeam "Celtic Tigers II"]
[WhiteTeamCountry "ENG"]
[BlackTeamCountry "ENG"]

1. c4 e5 2. g3 Nc6 3. Bg2 g6 4. Nc3 Bg7 5. d3 d6 6. e4 Nge7 7. Be3 0-0 8. Qd2 Nd4 9. 0-0-0 c5 10. Bh6 f6 11. Nge2 Nec6 12. Bxg7 Kxg7 13. Nd5 Bg4 14. Rde1 Bxe2 15. Rxe2 Nxe2+ 16. Qxe2 Nd4 17. Qd2 Rb8 18. f4 b5 19. h4 h6 20. g4 b4 21. g5 fxg5 22. fxg5 h5 23. b3 Rb7 24. Nf6 Rbf7 25. Qd1 Rxf6 26. gxf6+ Qxf6 27. Bf1 Qf2 28. Kb1 Rf4 29. Bh3 Rxh4 30. Rf1 Qe2 31. Bd7 Qxd1+ 32. Rxd1 Rf4 33. Rd2 Kh6 34. Kb2 g5 35. a3 a5 36. axb4 axb4 37. Rh2 h4 38. Rg2 Rf3 39. Rd2 Re3 40. Bg4 Rg3 41. Bd7 g4 42. Rf2 h3 43. Rf6+ Kg7 44. Rf2 Rg2 45. Rxg2 hxg2 46. Bxg4 g1Q 47. Bd1 Qe1 48. Kc1 Nxb3+ 49. Kb2 Qc3+ 50. Kb1 Nd2+ 51. Ka2 Qa3# 0-1

[Event "BCF-chT3 1415 (4NCL)"]
[Site "England"]
[Date "2015.05.03"]
[Round "10.50"]
[White "Hung, Dylan"]
[Black "Bramson, Mike"]
[Result "0-1"]
[WhiteElo "1450"]
[BlackElo "1847"]
[PlyCount "76"]
[EventDate "2015.03.21"]
[EventType "team-swiss"]
[EventRounds "11"]
[EventCountry "ENG"]
[SourceTitle "EXT 2016"]
[Source "ChessBase"]
[SourceDate "2015.10.08"]
[SourceVersion "1"]
[SourceVersionDate "2015.10.08"]
[SourceQuality "1"]
[WhiteTeam "Barnet Knights III"]
[BlackTeam "Bradford DCA Knights III"]
[WhiteTeamCountry "ENG"]
[BlackTeamCountry "ENG"]

1. c4 e5 2. g3 Nc6 3. Bg2 Bc5 4. Nc3 d6 5. e3 Nf6 6. Nge2 Bg4 7. 0-0 Qd7 8. f3 Bh3 9. d4 Bb6 10. Rb1 a5 11. a3 0-0 12. b4 axb4 13. axb4 Bxg2 14. Kxg2 Rfe8 15. c5 Ba7 16. Na4 Bb8 17. Ba3 Nxd4 18. exd4 Rxa4 19. Ra1 Ra8 20. Bb2 Rxa1 21. Qxa1 Nd5 22. Kf2 Nxb4 23. Rd1 e4 24. fxe4 Rxe4 25. Qa8 Qe8 26. Nc3 Re1 27. Rxe1 Nd3+ 28. Kf1 Qxe1+ 29. Kg2 Qf2+ 30. Kh3 Qf5+ 31. Kg2 Qf2+ 32. Kh3 Qf1+ 33. Kh4 g5+ 34. Kxg5 Kg7 35. Qxb7 Qf6+ 36. Kh5 Nf2 37. Bc1 Qg6+ 38. Kh4 Qg4# 0-1

[Event "London Golders Green op U1900 5th"]
[Site "London"]
[Date "2015.01.18"]
[Round "5"]
[White "Pride, Stephen C"]
[Black "Hung, Dylan"]
[Result "1/2-1/2"]
[WhiteElo "1658"]
[BlackElo "1339"]
[PlyCount "25"]
[EventDate "2015.01.17"]
[EventType "swiss"]
[EventRounds "5"]
[EventCountry "ENG"]
[SourceTitle "EXT 2018"]
[Source "ChessBase"]
[SourceDate "2017.10.13"]
[SourceVersion "1"]
[SourceVersionDate "2017.10.13"]
[SourceQuality "1"]

1. d4 d5 2. Bg5 c6 3. a3 Bf5 4. Nc3 Nf6 5. e3 e6 6. Bd3 Bxd3 7. Qxd3 Be7 8. Nf3 0-0 9. 0-0 c5 10. Ne2 c4 11. Qd1 Nc6 12. Ng3 b5 13. c3 1/2-1/2

[Event "Hampstead op U2200 07"]
[Site "Hampstead"]
[Date "2013.07.20"]
[Round "3"]
[White "Ivanov, Elizabeth"]
[Black "Hung, Dylan"]
[Result "1-0"]
[WhiteElo "1602"]
[BlackElo "1490"]
[PlyCount "51"]
[EventDate "2013.07.20"]
[EventType "swiss"]
[EventRounds "5"]
[EventCountry "ENG"]
[SourceTitle "EXT 2023"]
[Source "ChessBase"]
[SourceDate "2022.10.05"]
[SourceVersion "1"]
[SourceVersionDate "2022.10.05"]
[SourceQuality "1"]

1. e4 c6 2. d4 d5 3. e5 Bf5 4. Nf3 e6 5. c3 c5 6. Qb3 b6 7. Be3 Nd7 8. Bb5 Qc7 9. 0-0 Rd8 10. Nbd2 Ne7 11. Qa4 cxd4 12. cxd4 Bc2 13. Qa6 Nc6 14. b3 Bf5 15. Rac1 Ndb8 16. Qa4 Rc8 17. Nh4 Bg6 18. Nxg6 hxg6 19. Rc2 Qb7 20. Rfc1 a6 21. Bxc6+ Rxc6 22. Rxc6 b5 23. Rc8+ Kd7 24. Qa5 Bb4 25. R1c7+ Qxc7 26. Qxc7# 1-0

[Event "Hampstead op U2200 03"]
[Site "Hampstead"]
[Date "2013.03.16"]
[Round "3"]
[White "Nayak, Raghav"]
[Black "Hung, Dylan"]
[Result "0-1"]
[WhiteElo "1602"]
[BlackElo "1490"]
[PlyCount "56"]
[EventDate "2013.03.16"]
[EventType "swiss"]
[EventRounds "5"]
[EventCountry "ENG"]
[SourceTitle "EXT 2014"]
[Source "ChessBase"]
[SourceDate "2013.11.20"]
[SourceVersion "1"]
[SourceVersionDate "2013.11.20"]
[SourceQuality "1"]

1. e4 c6 2. d4 d5 3. Nc3 dxe4 4. Nxe4 Bf5 5. Ng3 Bg6 6. Nf3 Nf6 7. Ne5 Nbd7 8. Nxg6 fxg6 9. Bc4 e5 10. c3 Nb6 11. Bb3 exd4 12. cxd4 Bb4+ 13. Kf1 Nbd5 14. Qe2+ Be7 15. Bd2 0-0 16. Re1 Kh8 17. Ne4 Qd7 18. Nc5 Bxc5 19. dxc5 Ng4 20. f3 Rae8 21. Qd3 Rxe1+ 22. Kxe1 Re8+ 23. Kf1 Nde3+ 24. Ke2 Nxg2+ 25. Be3 Rxe3+ 26. Qxe3 N4xe3 27. Rc1 h6 28. a3 Qe7 0-1

[Event "Hampstead op U2200 02"]
[Site "Hampstead"]
[Date "2013.02.17"]
[Round "4"]
[White "Hung, Dylan"]
[Black "Klingher, Dominic"]
[Result "0-1"]
[WhiteElo "1490"]
[BlackElo "1642"]
[PlyCount "122"]
[EventDate "2013.02.16"]
[EventType "swiss"]
[EventRounds "5"]
[EventCountry "ENG"]
[SourceTitle "EXT 2014"]
[Source "ChessBase"]
[SourceDate "2013.11.20"]
[SourceVersion "1"]
[SourceVersionDate "2013.11.20"]
[SourceQuality "1"]

1. c4 e5 2. Nc3 Bc5 3. g3 Nf6 4. e3 c6 5. Bg2 d6 6. Nge2 0-0 7. 0-0 Be6 8. d3 Qd7 9. d4 exd4 10. exd4 Bb6 11. b3 Na6 12. a3 Nc7 13. Bg5 Nce8 14. a4 a5 15. Ne4 Nxe4 16. Bxe4 h6 17. Be3 Nf6 18. Bc2 Bh3 19. Re1 d5 20. c5 Bc7 21. Qd2 Ng4 22. Nf4 Nxe3 23. Qxe3 Bf5 24. Bxf5 Qxf5 25. Qd3 Qg5 26. Ng2 Rfe8 27. f4 Qf6 28. Re2 b6 29. Rae1 Rxe2 30. Rxe2 bxc5 31. dxc5 Qa1+ 32. Ne1 Qa3 33. Nc2 Qxc5+ 34. Kg2 Bb6 35. Kf3 d4 36. Ne1 Qd5+ 37. Kf2 Qh1 38. Nf3 Qa1 39. Re4 Qb2+ 40. Kf1 Qc1+ 41. Kg2 Qb2+ 42. Kh3 Qa3 43. Qc4 Qd6 44. Nxd4 Rc8 45. Nb5 Qd7+ 46. g4 cxb5 47. Qxb5 Qxb5 48. axb5 Rc3+ 49. Kg2 Rxb3 50. Re5 a4 51. Kf1 a3 52. Re2 Rb1+ 53. Kg2 Rb2 54. Rxb2 axb2 55. h4 b1Q 56. g5 Qc2+ 57. Kf3 Qd3+ 58. Kg4 f5+ 59. Kh5 hxg5 60. hxg5 Qh3+ 61. Kg6 Qh7# 0-1

[Event "Hampstead op U2200 02"]
[Site "Hampstead"]
[Date "2013.02.16"]
[Round "3"]
[White "Brozel, Sacha"]
[Black "Hung, Dylan"]
[Result "1-0"]
[WhiteElo "1706"]
[BlackElo "1490"]
[PlyCount "115"]
[EventDate "2013.02.16"]
[EventType "swiss"]
[EventRounds "5"]
[EventCountry "ENG"]
[SourceTitle "EXT 2014"]
[Source "ChessBase"]
[SourceDate "2013.11.20"]
[SourceVersion "1"]
[SourceVersionDate "2013.11.20"]
[SourceQuality "1"]

1. d4 d5 2. c4 e5 3. dxe5 d4 4. Nf3 Nc6 5. g3 Bb4+ 6. Bd2 Bxd2+ 7. Nbxd2 Bf5 8. Bg2 Nb4 9. Qa4+ Nc6 10. 0-0 Nge7 11. Nb3 0-0 12. Rad1 Bc2 13. Rd2 Bxb3 14. Qxb3 Rb8 15. Rfd1 Nf5 16. e4 Nfe7 17. Nxd4 Nxe5 18. Nc6 N7xc6 19. Rxd8 Rfxd8 20. f4 Na5 21. Rxd8+ Rxd8 22. Qc3 Nexc4 23. b3 Nxb3 24. Qxb3 Nb6 25. Qc2 Rc8 26. Bh3 Re8 27. Qxc7 h6 28. a4 Nxa4 29. Qd7 Rb8 30. Qxa4 a6 31. Qd7 b5 32. Qa7 Rd8 33. Qxa6 Rb8 34. e5 b4 35. Qc8+ Rxc8 36. Bxc8 Kf8 37. Bf5 Ke7 38. Kf2 b3 39. Ke3 b2 40. Kd2 f6 41. exf6+ Kxf6 42. Bd3 g5 43. f5 Ke5 44. Kc2 b1Q+ 45. Kxb1 Kf6 46. Kc2 Ke5 47. Kc3 Kd5 48. g4 Kc5 49. f6 Kd6 50. f7 Ke7 51. Bg6 Kf8 52. Kd4 Kg7 53. Ke5 Kf8 54. Ke6 h5 55. h3 h4 56. Bf5 Kg7 57. Ke7 Kh8 58. f8Q# 1-0

[Event "High Wycombe e2e4 Intermediate op 03"]
[Site "High Wycombe"]
[Date "2012.03.16"]
[Round "1"]
[White "Hung, Dylan"]
[Black "Kelly, John"]
[Result "0-1"]
[WhiteElo "1414"]
[BlackElo "1710"]
[PlyCount "128"]
[EventDate "2012.03.16"]
[EventType "swiss"]
[EventRounds "5"]
[EventCountry "ENG"]
[SourceTitle "EXT 2014"]
[Source "ChessBase"]
[SourceDate "2013.11.20"]
[SourceVersion "1"]
[SourceVersionDate "2013.11.20"]
[SourceQuality "1"]

1. c4 e5 2. g3 Nc6 3. Bg2 Nf6 4. Nc3 Be7 5. e3 d6 6. Nge2 Bg4 7. 0-0 Qd7 8. d4 Bh3 9. dxe5 Bxg2 10. Kxg2 Nxe5 11. b3 Qc6+ 12. Nd5 Qd7 13. Nxf6+ Bxf6 14. Nd4 0-0-0 15. Qc2 c5 16. Ne2 Qg4 17. f3 Nxf3 18. Nc3 Ng5 19. Bb2 h5 20. Qf5+ Qxf5 21. Rxf5 h4 22. Rb1 hxg3 23. hxg3 a6 24. Nd5 Bxb2 25. Rxb2 f6 26. b4 Rh6 27. bxc5 Rdh8 28. Rff2 Rh2+ 29. Kf1 Rh1+ 30. Ke2 Ne4 31. Rg2 Nxc5 32. Ne7+ Kd7 33. Ng6 R8h2 34. Kf3 Rf1+ 35. Rbf2 Rxf2+ 36. Rxf2 Rxf2+ 37. Kxf2 Nd3+ 38. Ke2 Nc1+ 39. Kd2 Nxa2 40. Kc2 Nb4+ 41. Kb3 Nd3 42. Nf8+ Ke7 43. Ng6+ Kf7 44. Nf4 Nxf4 45. exf4 Ke6 46. g4 g5 47. fxg5 fxg5 48. Kb4 b6 49. Ka4 Ke5 50. Kb4 Kf4 51. Ka4 Kxg4 52. c5 dxc5 53. Kb3 Kf3 54. Kc4 g4 55. Kd5 g3 56. Kc6 c4 57. Kxb6 c3 58. Kxa6 c2 59. Kb5 c1Q 60. Kb4 g2 61. Kb5 g1R 62. Kb4 Qc2 63. Kb5 Rb1+ 64. Ka5 Qa2# 0-1